Artificial intelligence: Concept and applications (Record no. 312696)
[ view plain ]
| 000 -LEADER | |
|---|---|
| fixed length control field | 00488 a2200181 4500 |
| 005 - DATE & TIME | |
| control field | 20240314164157.0 |
| 008 - FIXED-LENGTH DATA ELEMENTS--GENERAL INFORMATION | |
| fixed length control field | 240304b |||||||| |||| 00| 0 eng d |
| 020 ## - ISBN | |
| International Standard Book Number | 9788126519934 |
| Price | Rs. 819.00 |
| 040 ## - CATALOGING SOURCE | |
| Original cataloging agency | VIVEKANANDA LIBRARY |
| 082 ## - DDC NUMBER | |
| Classification number | 006.3 |
| Book Number | G552A |
| 100 ## - MAIN ENTRY--PERSONAL NAME | |
| Personal name | Goel, Lavika |
| 245 ## - TITLE STATEMENT | |
| Title | Artificial intelligence: Concept and applications |
| 260 ## - PUBLICATION, DISTRIBUTION, ETC. (IMPRINT) | |
| Name of publisher, distributor, etc | Wiley India |
| Date of publication, distribution, etc | 2023 |
| Place of publication, distribution, etc | New Delhi |
| 300 ## - PHYSICAL DESCRIPTION | |
| Pages | xxi, 755 |
| 650 ## - Subject | |
| Subject | Artificial Intelligence |
| 650 ## - Subject | |
| Subject | Computer Science |
| 942 ## - ADDED ENTRY ELEMENTS (KOHA) | |
| Koha item type | Books |
| Withdrawn status | Lost status | Source of classification or shelving scheme | Damaged status | Not for loan | Location (home branch) | Sublocation or collection (holding branch) | Shelving location | Date acquired | Koha issues (times borrowed) | Koha full call number | Accession No. | Koha date last seen | Koha item type |
|---|---|---|---|---|---|---|---|---|---|---|---|---|---|
| Dewey Decimal Classification | VIVEKANANDA LIBRARY | VIVEKANANDA LIBRARY | UIET Library | 29/02/2024 | 006.3 G552A | 430399 | 29/02/2024 | Books | |||||
| Dewey Decimal Classification | VIVEKANANDA LIBRARY | VIVEKANANDA LIBRARY | UIET Library | 29/02/2024 | 1 | 006.3 G552A | 430401 | 09/01/2025 | Books | ||||
| Dewey Decimal Classification | VIVEKANANDA LIBRARY | VIVEKANANDA LIBRARY | UIET Library | 29/02/2024 | 006.3 G552A | 430403 | 29/02/2024 | Books | |||||
| Dewey Decimal Classification | VIVEKANANDA LIBRARY | VIVEKANANDA LIBRARY | UIET Library | 29/02/2024 | 006.3 G552A | 430402 | 29/02/2024 | Books | |||||
| Dewey Decimal Classification | VIVEKANANDA LIBRARY | VIVEKANANDA LIBRARY | UIET Library | 29/02/2024 | 2 | 006.3 G552A | 430400 | 15/01/2025 | Books |
